History Quiz

Random History or Famous Quiz
Score 0/20 Timer 04:00
11 Plays Today
% Correct
Martin Luther King Jr.
95.4%
Malcolm X
95%
Steve Jobs
93.7%
Robert E. Lee
93.4%
Benjamin Franklin
93.3%
Karl Marx
92.5%
Al Capone
89.7%
Sitting Bull
85.6%
Salvador Dalí
85.1%
Alexander Hamilton
82.8%
% Correct
Alan Turing
81.5%
Mother Teresa
75.2%
Samuel Colt
73%
Mahatma Gandhi
65.7%
Ernesto 'Che' Guevara
52.3%
Eva Perón
29.3%
Pope John Paul II
26.4%
Niccolò Machiavelli
13.6%
Fidel Castro
4.5%
Ferdinand Magellan
2.4%
Remove Ads.
Support Sporcle.
Get the best of Sporcle when you Go Orange. This ad-free experience offers more features, more stats, and more fun while also helping to support Sporcle. Thank you for becoming a member.

You're not logged in!

Compare scores with friends on all Sporcle quizzes.
OR
Log In

Show Comments

Extras

Top Quizzes Today


Score Distribution

Your Account Isn't Verified!

In order to create a playlist on Sporcle, you need to verify the email address you used during registration. Go to your Sporcle Settings to finish the process.

Report this User

Report this user for behavior that violates our Community Guidelines.

Details: